Difficult Obscure Simpsons Trivia Quiz Stats

 Plays Quiz not verified by Sporcle

Challenge
Share
Tweet
Embed
Score 0/11 Timer 07:00
0 Plays Today
Question Answer % Correct
How many animals attack Homer when he goes into the bushes and tries to flush out a rabbit?4
68.2%
What is missing from the ingredients of a hot-dog (according to Lisa's thoughts): Rat, Pigeon, Raccoon, and _______Shoe
55.5%
How many times does Rasputin hit the professor on the head during the wrestling match before the ref issues a warning?9
53.6%
What name does Homer give the pretzel's that knock out a hall-of-fame baseball player?Whitey Whackers
47.3%
Who voiced the government worker Evan Conover?Phil Hartman
24.5%
When Homer comes home and sees the scarecrow, he runs and says that he will regroup where?Red Lobster
14.5%
What is the state bird Bart and Lisa's class see in a mural on the ceiling of the capitol dome?Pot-Bellied Sparrow
8.2%
What is the address of the factory that Bart buys from the tax seizure auction?35 Industrial Way
1.8%
At the beginning of the episode, the Simpsons are watching a television show called what?Ethnic Mismatch Comedy #644
1.8%
According to Gil, what can you use to make soup?Rocks and grass
1.8%
What is the first thing on Grampa Simpson's list of things to do before he dies?Sleep with Esther Williams
0.9%

You're not logged in!

Compare scores with friends on all Sporcle quizzes.
Join for Free
OR
Log In

You Might Also Like...

Show Comments

Extras

Top Quizzes Today


Score Distribution

Your Account Isn't Verified!

In order to create a playlist on Sporcle, you need to verify the email address you used during registration. Go to your Sporcle Settings to finish the process.

Report this User

Report this user for behavior that violates our Community Guidelines.

Details: